000 00228nam a22000857a 4500
008 160928b xxu||||| |||| 00| 0 eng d
100 _9806
_aSiddiqui.S.etal.
245 _aEnglish Reader-4
260 _aNew Delhi
_bAPC. Publications
_c2011
999 _c3460
_d3460